[Event "Valencia Real Provincial-ch"]
[Site "Ciudad Real"]
[Date "2010.05.16"]
[Round "6.12"]
[White "Ramirez Vidal, Alvaro"]
[Black "Toledano Garayo, Gonzalo"]
[Result "1-0"]
[WhiteElo "1595"]
[BlackElo "1459"]
[PlyCount "95"]
[EventDate "2010.04.11"]
[EventType "swiss"]
[EventRounds "6"]
[EventCountry "ESP"]
[SourceTitle "EXT 2024"]
[Source "ChessBase"]
[SourceDate "2023.10.10"]
[SourceVersion "1"]
[SourceVersionDate "2023.10.10"]
[SourceQuality "1"]

1. e4 e5 2. Nf3 Nf6 3. Nc3 Nc6 4. Bb5 Bc5 5. d3 a6 6. Bxc6 dxc6 7. 0-0 Bg4 8. h3 Bh5 9. Bg5 h6 10. Bh4 g5 11. Bg3 Qe7 12. Bxe5 Bxf3 13. Bxf6 Qxf6 14. Qxf3 Qxf3 15. gxf3 0-0-0 16. Ne2 Rhf8 17. Ng3 h5 18. Nf5 Rg8 19. d4 Bf8 20. Kh2 g4 21. Rg1 Kb8 22. fxg4 hxg4 23. Rxg4 Rh8 24. c3 f6 25. Rag1 Bd6+ 26. Nxd6 cxd6 27. Rg7 Rde8 28. f3 f5 29. exf5 Rhf8 30. R7g5 Re2+ 31. R1g2 Re3 32. Rf2 Kc7 33. h4 Rh8 34. Kg3 Re1 35. h5 Rh1 36. Rh2 Rg1+ 37. Kf4 Rf1 38. h6 Kd7 39. h7 Re1 40. Rg8 Re8 41. Rxh8 Rxh8 42. Kg5 Ke8 43. Kg6 Kf8 44. Re2 c5 45. dxc5 dxc5 46. f6 b5 47. f7 b4 48. Re8# 1-0

[Event "Valencia Real Provincial-ch"]
[Site "Ciudad Real"]
[Date "2010.04.18"]
[Round "3.10"]
[White "Sanchez Garcia, Santiago"]
[Black "Toledano Garayo, Gonzalo"]
[Result "1/2-1/2"]
[WhiteElo "1694"]
[BlackElo "1459"]
[PlyCount "82"]
[EventDate "2010.04.11"]
[EventType "swiss"]
[EventRounds "6"]
[EventCountry "ESP"]
[SourceTitle "EXT 2024"]
[Source "ChessBase"]
[SourceDate "2023.10.10"]
[SourceVersion "1"]
[SourceVersionDate "2023.10.10"]
[SourceQuality "1"]

1. e4 e5 2. Nf3 Nf6 3. Nxe5 d6 4. Nf3 Nxe4 5. Qe2 Qe7 6. d3 Nf6 7. Bg5 Bg4 8. Bxf6 gxf6 9. Qxe7+ Bxe7 10. Be2 Nc6 11. Nc3 0-0-0 12. 0-0-0 Rhg8 13. Nd5 Rde8 14. Rde1 Ne5 15. Bd1 c6 16. Nxe7+ Rxe7 17. Re3 Ree8 18. Rhe1 Kd7 19. h3 Bxf3 20. Bxf3 Nxf3 21. Rxe8 Rxe8 22. Rxe8 Kxe8 23. gxf3 Ke7 24. Kd2 Ke6 25. Ke3 Kf5 26. h4 Ke5 27. f4+ Kf5 28. Kf3 h5 29. c4 a6 30. d4 Ke6 31. Ke4 d5+ 32. cxd5+ cxd5+ 33. Ke3 b6 34. a3 Kd6 35. Kd3 Kc6 36. Kc3 Kb5 37. Kb3 a5 38. a4+ Kc6 39. Kc3 b5 40. Kb3 Kb6 41. f5 b4 1/2-1/2